Faculty of Law Library — Cairo University

Official Online Catalog

Wörterbuch des Völkerrechts und der Diplomatie. (Record no. 45275)

MARC details
000 -LEADER
fixed length control field 01067nam a2200301 4500
003 - CONTROL NUMBER IDENTIFIER
control field EG-GICUC
005 - DATE AND TIME OF LATEST TRANSACTION
control field 20260121101331.0
008 - FIXED-LENGTH DATA ELEMENTS--GENERAL INFORMATION
fixed length control field 251122s1925 gw ||||fr|||| 00| 0 ger d
040 ## - CATALOGING SOURCE
Original cataloging agency EG-GiCUC
Language of cataloging ger
Transcribing agency EG-GiCUC
Modifying agency EG-GiCUC
Description conventions rda
041 ## - LANGUAGE CODE
Language code of text/sound track or separate title ger
082 04 - DEWEY DECIMAL CLASSIFICATION NUMBER
Edition number 21
Classification number 341.33
Item number S T . W
092 04 - LOCALLY ASSIGNED DEWEY CALL NUMBER (OCLC)
Edition number 21
099 ## - LOCAL FREE-TEXT CALL NUMBER (OCLC)
Classification number Law1 11 341.33 S T . W 1925
100 1# - MAIN ENTRY--PERSONAL NAME
Personal name Strupp, Karl
Relator term editor.
245 10 - TITLE STATEMENT
Title Wörterbuch des Völkerrechts und der Diplomatie.
Number of part/section of a work Zweiter Band,
Name of part/section of a work Maas - Utschiali /
Statement of responsibility, etc. begonnen von Prof. Dr. Julius Hatschek, fortgesetzt und herausgegeben von Dr. Karl Strupp.
264 ## - PRODUCTION, PUBLICATION, DISTRIBUTION, MANUFACTURE, AND COPYRIGHT NOTICE
Place of production, publication, distribution, manufacture Berlin und Leipzig :
Name of producer, publisher, distributor, manufacturer Walter de Gruyter & Co., 
Date of production, publication, distribution, manufacture, or copyright notice 1925.
300 ## - PHYSICAL DESCRIPTION
Extent 779 pages ;
Dimensions 24 cm.
336 ## - CONTENT TYPE
Source rda content
Content type term text
337 ## - MEDIA TYPE
Source rda media
Media type term Computer
338 ## - CARRIER TYPE
Source rda carrier
Carrier type term Online Resource
546 ## - LANGUAGE NOTE
Language note Text in German
650 1# - SUBJECT ADDED ENTRY--TOPICAL TERM
Topical term or geographic name entry element Diplomatie / Diplomatisches Korps
Source of heading or term qrmak
651 1# - SUBJECT ADDED ENTRY--GEOGRAPHIC NAME
Source of heading or term qrmak
700 1# - ADDED ENTRY--PERSONAL NAME
Personal name Hatschek, Julius
Relator term Author.
856 40 - ELECTRONIC LOCATION AND ACCESS
Uniform Resource Identifier <a href="https://fll.law.cu.edu.eg/fulltext/bks/B11-06133.pdf">https://fll.law.cu.edu.eg/fulltext/bks/B11-06133.pdf</a>
905 ## - Cataloger and Reviser Names
Cataloger Name: Rawan khaled
Revisor Name: Yara
942 ## - ADDED ENTRY ELEMENTS (KOHA)
Source of classification or shelving scheme Dewey Decimal Classification
Suppress in OPAC No
Koha item type Books
Edition 21
Holdings
Withdrawn status Lost status Source of classification or shelving scheme Damaged status Not for loan Collection Home library Current library Date acquired Total checkouts Full call number Barcode Date last seen Copy number Price effective from Koha item type
    Dewey Decimal Classification   Not for loan القانون الدولي العام جــــامعة القــاهرة مكتبة كلية الحقوق - المبنى الرئيسي 22.11.2025   Law1 11 341.33 S T . W 1925 1106133 V2,C1 B11-06133 22.11.2025 1 22.11.2025 Books
    Dewey Decimal Classification     القانون الدولي العام جــــامعة القــاهرة مكتبة كلية الحقوق - المبنى الرئيسي 05.03.2026   Law1 11 341.33 S T . W 1925 1107137 V2, C2 B11-07137 05.03.2026 2 05.03.2026 Books

© All rights reserved — Faculty of Law, Cairo University